| 000 | 00000nam 22000008a 4500 |
| 001 | 9.839703 |
| 003 | CaOODSP |
| 005 | 20241210082350 |
| 007 | cr ||||||||||| |
| 008 | 170714s2015 onc |o f|0| 0 fre d |
| 040 | |aCaOODSP|bfre |
| 043 | |an-cn--- |
| 086 | 1 |aFB4-17/2015F-PDF |
| 245 | 00|aCadre de conduite de la politique monétaire en contexte de bas taux d'intérêt |h[ressource électronique]. |
| 260 | |a[Ottawa] : |bBanque du Canada, |c2015. |
| 300 | |a3 p. |
| 500 | |aPubli. aussi en anglais sous le titre : Framework for conducting monetary policy at low interest rates. |
| 500 | |aTitre de la couv. |
| 500 | |a« Décembre 2015. » |
| 692 | 07|2gccst|aPolitique monétaire |
| 692 | 07|2gccst|aTaux d'intérêt |
| 710 | 2 |aBanque du Canada. |
| 775 | 08|tFramework for conducting monetary policy at low interest rates |w(CaOODSP)9.839702 |
| 856 | 40|qPDF|s381 Ko|uhttps://publications.gc.ca/collections/collection_2017/banque-bank-canada/FB4-17-2015-fra.pdf |